[Event "Laval op U1200"]
[Site "Laval CAN"]
[Date "2018.06.23"]
[Round "3.1"]
[White "Ramamonjisoa, Sasha"]
[Black "Liu, Lucas"]
[Result "0-1"]
[WhiteElo "1195"]
[BlackElo "1101"]
[PlyCount "134"]
[EventDate "2018.06.22"]
[EventType "swiss"]
[EventRounds "5"]
[EventCountry "CAN"]

1. e4 c5 2. Nf3 Nc6 3. Bc4 e6 4. Nc3 Nf6 5. a3 d5 6. exd5 exd5 7. Ba2 Be7 8.
O-O O-O 9. d3 Bg4 10. Nb1 Bxf3 11. Qxf3 Nd4 12. Qd1 Rc8 13. c3 Nc6 14. Bf4 d4
15. c4 Bd6 16. Bxd6 Qxd6 17. Nd2 Rfe8 18. Nf3 Re6 19. Qd2 h6 20. Rab1 a5 21.
Rfe1 Rce8 22. Rxe6 Rxe6 23. h3 Qe7 24. Nh4 Ne4 25. Qf4 Qf6 26. Qxf6 Nxf6 27.
Nf3 Kf8 28. Ne1 g5 29. Nc2 Re2 30. Ne1 Ke7 31. Nf3 Kd6 32. Kf1 Re8 33. Rd1 Ne5
34. Nxe5 Rxe5 35. g4 h5 36. f3 Re3 37. Kf2 hxg4 38. hxg4 Ke5 39. Bb1 Kf4 40.
Bc2 Rxf3+ 41. Kg2 Nxg4 42. Rd2 Ne3+ 43. Kg1 Nxc2 44. Rxc2 Rxd3 45. Rf2+ Rf3 46.
Re2 d3 47. Rd2 Ke3 48. Rd1 Ke2 49. Rb1 d2 50. Kg2 Rd3 51. b4 axb4 52. axb4 cxb4
53. c5 d1=Q 54. Rb2+ Qd2 55. Rxd2+ Rxd2 56. c6 bxc6 57. Kg3 g4 58. Kxg4 f5+ 59.
Kg5 f4 60. Kxf4 b3 61. Kg3 b2 62. Kf4 b1=Q 63. Kg4 Qe4+ 64. Kg5 Rd5+ 65. Kf6
Rf5+ 66. Kg6 Qg4+ 67. Kh6 Rh5# 0-1

[Event "Laval op U1200"]
[Site "Laval CAN"]
[Date "2018.06.24"]
[Round "4.1"]
[White "Liu, Lucas"]
[Black "Bejjani, Ziad"]
[Result "0-1"]
[WhiteElo "1101"]
[BlackElo "1026"]
[PlyCount "82"]
[EventDate "2018.06.22"]
[EventType "swiss"]
[EventRounds "5"]
[EventCountry "CAN"]

1. d4 d5 2. c4 dxc4 3. e3 c6 4. Bxc4 e6 5. Nc3 Nf6 6. Nf3 g6 7. e4 Bg7 8. e5
Nd5 9. Bxd5 cxd5 10. O-O a6 11. Nd2 O-O 12. Nb3 b5 13. a3 Nd7 14. Be3 Bb7 15.
Qd2 Nb6 16. Na5 Nc4 17. Nxc4 bxc4 18. b4 Bc6 19. a4 Rb8 20. Rfb1 Qd7 21. Qb2
Rb6 22. b5 Ba8 23. a5 Rbb8 24. b6 Bc6 25. Qa3 f6 26. exf6 Bxf6 27. Bf4 Rb7 28.
Bd6 Rf7 29. Re1 Bxd4 30. Re2 Bxc3 31. Qxc3 Qxd6 32. Rae1 Bd7 33. Re3 Qc5 34.
Qe5 Rf5 35. Qg3 Qxa5 36. h4 Qxb6 37. Re5 Qd6 38. R1e3 Rb3 39. Rxf5 Qxg3 40.
Rxb3 Qxb3 41. Rf8+ Kxf8 0-1

[Event "Laval op U1200"]
[Site "Laval CAN"]
[Date "2018.06.24"]
[Round "5.1"]
[White "Bejjani, Ziad"]
[Black "Fakahany, Farid-Michel"]
[Result "0-1"]
[WhiteElo "1026"]
[BlackElo "1186"]
[PlyCount "94"]
[EventDate "2018.06.22"]
[EventType "swiss"]
[EventRounds "5"]
[EventCountry "CAN"]

1. e4 d6 2. a3 Nf6 3. d3 e5 4. h3 c5 5. c3 Be7 6. Nf3 Bd7 7. b4 b6 8. Bb2 Nc6
9. Qb3 O-O 10. Be2 Qc7 11. Nbd2 a5 12. b5 a4 13. Qc2 Nd8 14. c4 Ne6 15. Nh4
Nxe4 16. Nf5 Bf6 17. Nxe4 Nf4 18. g4 Bd8 19. Nfxd6 f6 20. Bf3 Ra7 21. O-O-O g6
22. Rhg1 Be7 23. Nxf6+ Bxf6 24. Ne4 Bg7 25. h4 h6 26. g5 h5 27. Qc3 Kh8 28.
Rge1 Bf5 29. Re3 Ne6 30. Rde1 Nd4 31. Bh1 Qd8 32. Nf6 Re7 33. Rxe5 Rxe5 34.
Rxe5 Qd6 35. f4 Bxf6 36. gxf6 Qxf6 37. Qe1 Bxd3 38. Bd5 Qxf4+ 39. Re3 Kh7 40.
Kd2 Nc2 41. Be5 Qh6 42. Qg1 Qxe3+ 43. Qxe3 Nxe3 44. Kxe3 Bf5 45. Bc7 Rf6 46.
Kf4 Bc2+ 47. Kg5 Rf5# 0-1

[Event "Laval op U1500"]
[Site "Laval CAN"]
[Date "2018.06.22"]
[Round "1.1"]
[White "Raduica, Gheorghe"]
[Black "Fallet, Maurice"]
[Result "1/2-1/2"]
[WhiteElo "1489"]
[BlackElo "1296"]
[PlyCount "105"]
[EventDate "2018.06.22"]
[EventType "swiss"]
[EventRounds "5"]
[EventCountry "CAN"]

1. e4 e5 2. Nf3 Nc6 3. Bb5 Nd4 4. Nxd4 exd4 5. Bd3 d6 6. b4 c5 7. bxc5 dxc5 8.
c3 Nf6 9. Qa4+ Bd7 10. Qb3 Bc6 11. f3 g6 12. cxd4 cxd4 13. Na3 Bg7 14. Bb2 O-O
15. Nc2 Nh5 16. Bc4 Nf4 17. g3 Nh3 18. Rf1 Ng5 19. Qd3 Qc7 20. Bxd4 Rad8 21.
Qc3 Rxd4 22. Nxd4 Rd8 23. O-O-O Bxd4 24. Qc2 Qd6 25. Kb1 Qb4+ 26. Qb3 Qe7 27.
d3 Bg7 28. h4 Ne6 29. Bxe6 Qxe6 30. Qxe6 fxe6 31. f4 Bb5 32. Rf3 Rd4 33. e5 Bf8
34. Kb2 Bc6 35. Rff1 Rb4+ 36. Kc3 Rb6 37. Rb1 Rxb1 38. Rxb1 Kf7 39. g4 h6 40.
Rf1 Be7 41. g5 h5 42. d4 Bd5 43. a4 Ke8 44. Rb1 Kd8 45. Kb2 Kd7 46. Kc3 Bd8 47.
Kb4 Bb6 48. Rd1 a6 49. a5 Ba7 50. Kc3 Kc6 51. Kb4 Kd7 52. Kc3 Kc6 53. Kb4
1/2-1/2

[Event "Laval op U1500"]
[Site "Laval CAN"]
[Date "2018.06.23"]
[Round "2.1"]
[White "Raymond, Jacques"]
[Black "Jordanov, Jordan"]
[Result "0-1"]
[WhiteElo "1311"]
[BlackElo "1442"]
[PlyCount "78"]
[EventDate "2018.06.22"]
[EventType "swiss"]
[EventRounds "5"]
[EventCountry "CAN"]

1. d4 Nf6 2. e3 e6 3. Bd3 d5 4. Nd2 c5 5. c3 Nc6 6. f4 cxd4 7. exd4 Qc7 8. g3
a6 9. Ngf3 b5 10. Ne5 Nd7 11. Qh5 Ndxe5 12. fxe5 g6 13. Qf3 Bg7 14. O-O O-O 15.
Nb3 Qb6 16. Nc5 Nxe5 17. Qf2 Nxd3 18. Nxd3 a5 19. Bd2 b4 20. Rab1 Ba6 21. Qe3
Rab8 22. Rfc1 Rfc8 23. Nc5 Bb5 24. cxb4 axb4 25. Bxb4 Be8 26. Bc3 e5 27. b4 e4
28. a3 Qa7 29. Ra1 Ba4 30. Qd2 h5 31. Bb2 Kh7 32. Nxa4 Qxa4 33. Rxc8 Rxc8 34.
Rc1 Bh6 35. Qxh6+ Kxh6 36. Rxc8 Qd1+ 37. Kg2 Qd2+ 38. Kh3 Qxb2 39. Ra8 e3 0-1

[Event "Laval op U1500"]
[Site "Laval CAN"]
[Date "2018.06.23"]
[Round "3.1"]
[White "Jordanov, Jordan"]
[Black "Attouche, Mastan"]
[Result "1-0"]
[WhiteElo "1442"]
[BlackElo "1298"]
[PlyCount "91"]
[EventDate "2018.06.22"]
[EventType "swiss"]
[EventRounds "5"]
[EventCountry "CAN"]

1. d4 d5 2. c4 c6 3. cxd5 cxd5 4. Nc3 Nf6 5. Nf3 Nc6 6. a3 h6 7. b4 a6 8. h3
Bf5 9. Bf4 e6 10. e3 Bd6 11. Bxd6 Qxd6 12. Be2 O-O 13. O-O Rac8 14. Na4 Ne4 15.
Rc1 Qe7 16. Nc5 Rc7 17. Qa4 Nb8 18. Ne5 f6 19. Ned3 e5 20. Rfe1 Nd7 21. Qb3 Nb6
22. Nxe4 Bxe4 23. Nc5 Bg6 24. Bf3 Bf7 25. Be2 Kh8 26. a4 Nd7 27. a5 e4 28. Bg4
Nxc5 29. bxc5 Bg8 30. Bf5 Be6 31. Bxe6 Qxe6 32. Rb1 Qd7 33. Qa3 Rc6 34. Rb3 f5
35. Reb1 Rb8 36. Qb2 Rc7 37. Rb6 Qf7 38. c6 Rcc8 39. Rxb7 Rxb7 40. Qxb7 Qxb7
41. cxb7 Rb8 42. Rb6 Kg8 43. Kh2 Kf7 44. Kg3 g5 45. Rxh6 Rxb7 46. Rh7+ 1-0

[Event "Laval op U1500"]
[Site "Laval CAN"]
[Date "2018.06.24"]
[Round "4.1"]
[White "Gougeon, Patrick"]
[Black "Jordanov, Jordan"]
[Result "1-0"]
[WhiteElo "1363"]
[BlackElo "1442"]
[PlyCount "108"]
[EventDate "2018.06.22"]
[EventType "swiss"]
[EventRounds "5"]
[EventCountry "CAN"]

1. f4 f5 2. e4 fxe4 3. d3 Nf6 4. dxe4 Nxe4 5. Nf3 e6 6. Bd3 Nf6 7. O-O Bc5+ 8.
Kh1 O-O 9. Qe1 Qe8 10. Be3 Bxe3 11. Qxe3 Nc6 12. a3 Qh5 13. Qd2 d6 14. Nc3 Bd7
15. Rae1 a6 16. Ng5 e5 17. f5 h6 18. Ne6 Bxe6 19. fxe6 Ne7 20. Be2 Qe8 21. Rf2
Rd8 22. Ref1 Qg6 23. Qd1 Nc6 24. Bc4 Ne7 25. h3 c6 26. Bd3 Qe8 27. Ne4 Ned5 28.
Nxf6+ Rxf6 29. Rxf6 Nxf6 30. Rxf6 gxf6 31. Qg4+ Kf8 32. Bg6 Qe7 33. Bf7 Qxf7
34. exf7 Kxf7 35. Qf5 Kg7 36. h4 Kf7 37. h5 d5 38. Kg1 e4 39. Kf1 d4 40. Ke2
Rg8 41. g4 Rg5 42. Qd7+ Kf8 43. Qxd4 Re5 44. Qd6+ Kf7 45. Ke3 Re6 46. Qf4 f5
47. Qxf5+ Ke7 48. Qh7+ Kd6 49. Qxb7 Kd5 50. Qxa6 Rf6 51. Qa5+ c5 52. Qd2+ Ke5
53. Qc3+ Ke6 54. Qxf6+ Kxf6 1-0

[Event "Laval op U1500"]
[Site "Laval CAN"]
[Date "2018.06.24"]
[Round "5.1"]
[White "Bercuvitz, Tani"]
[Black "Gougeon, Patrick"]
[Result "1-0"]
[WhiteElo "1312"]
[BlackElo "1363"]
[PlyCount "109"]
[EventDate "2018.06.22"]
[EventType "swiss"]
[EventRounds "5"]
[EventCountry "CAN"]

1. d4 f5 2. c4 Nf6 3. Nc3 d6 4. Nf3 g6 5. g3 Bg7 6. Bg2 O-O 7. O-O Qe8 8. Re1
Qf7 9. b3 h6 10. Bb2 c6 11. e3 Bd7 12. Qc2 Na6 13. a3 Nc7 14. Rad1 Be6 15. Rd2
Rac8 16. Red1 Rfd8 17. Ne1 Qe8 18. f4 b5 19. c5 Nfd5 20. Nxd5 cxd5 21. b4 Qf7
22. Nd3 a6 23. Rc1 g5 24. Qd1 g4 25. Rdc2 Rd7 26. Rc3 h5 27. a4 Bf6 28. Ra3 h4
29. Rca1 h3 30. Bf1 Rdd8 31. axb5 axb5 32. Ra7 Qe8 33. Nc1 Bd7 34. Nb3 Bc6 35.
Na5 Qd7 36. Qc2 Ba8 37. Bd3 e6 38. c6 Qe8 39. Nb7 Qf8 40. Nxd8 Qxd8 41. R7a5
Rb8 42. Rc1 Qe8 43. Ra3 Bd8 44. Rc3 Qe7 45. Qb3 Qf7 46. Qa3 Qf8 47. Qa7 Bf6 48.
Qxc7 Rc8 49. Qa5 Rb8 50. c7 Rc8 51. Bxb5 Bb7 52. Qb6 Ba8 53. Bd7 e5 54. Bxc8
exf4 55. Be6+ 1-0

[Event "Laval op U1800"]
[Site "Laval CAN"]
[Date "2018.06.22"]
[Round "1.1"]
[White "Tsanaclis, Albert"]
[Black "Couture, Jean-Sebastien"]
[Result "1/2-1/2"]
[WhiteElo "1747"]
[BlackElo "1530"]
[PlyCount "103"]
[EventDate "2018.06.22"]
[EventType "swiss"]
[EventRounds "5"]
[EventCountry "CAN"]

1. e4 e6 2. d4 d5 3. Nd2 Nf6 4. e5 Nfd7 5. Bd3 c5 6. c3 Nc6 7. Ne2 Qb6 8. Nf3
f6 9. Nf4 fxe5 10. dxe5 Ndxe5 11. Nxe5 Nxe5 12. Qh5+ Nf7 13. Bxh7 Bd7 14. Ng6
O-O-O 15. Nxh8 Nxh8 16. Bc2 Be7 17. O-O Rf8 18. a4 Nf7 19. a5 Qd6 20. g3 Bf6
21. Ba4 Bxa4 22. Rxa4 Qd7 23. Qd1 Rh8 24. Be3 Ne5 25. b3 Qc6 26. f4 Nd7 27. Qc2
Kb8 28. Rc1 c4 29. bxc4 dxc4 30. Rb4 Be7 31. Rb2 Ba3 32. Rcb1 Bxb2 33. Rxb2 Nf6
34. Qf2 a6 35. Bd4 Ng4 36. Qe2 Rxh2 37. Be5+ Kc8 38. Qxh2 Nxh2 39. Kxh2 g6 40.
Bd4 Qa4 41. Bb6 Kd7 42. Rd2+ Ke7 43. Re2 Qd1 44. Re3 Qd5 45. g4 Kf7 46. Kg3 g5
47. fxg5 Qxg5 48. Re4 Qd5 49. Rd4 Qc6 50. Kf4 Qb5 51. Re4 Qd7 52. Rd4 1/2-1/2

[Event "Laval op U1800"]
[Site "Laval CAN"]
[Date "2018.06.23"]
[Round "2.1"]
[White "Demers, Alexis"]
[Black "Wang, Isabelle"]
[Result "1-0"]
[WhiteElo "1726"]
[BlackElo "1572"]
[PlyCount "93"]
[EventDate "2018.06.22"]
[EventType "swiss"]
[EventRounds "5"]
[EventCountry "CAN"]

1. d4 d5 2. c4 e6 3. Nc3 Nf6 4. Bg5 Be7 5. Nf3 O-O 6. e3 b6 7. Be2 Bb7 8. Rc1
c5 9. O-O Nc6 10. cxd5 exd5 11. dxc5 Bxc5 12. Bxf6 Qxf6 13. Qxd5 Rad8 14. Qc4
Ne5 15. Nxe5 Qxe5 16. Rfd1 Bd6 17. Qh4 Bc7 18. Nb5 Rxd1+ 19. Rxd1 a6 20. Nxc7
Qxc7 21. Qc4 Qe7 22. h3 h6 23. Bg4 Rd8 24. Rxd8+ Qxd8 25. Qb4 b5 26. Qd4 Qc7
27. Bf5 Qc1+ 28. Kh2 Qc7+ 29. g3 g6 30. Qd7 Qxd7 31. Bxd7 h5 32. b4 Kf8 33. h4
f5 34. Be6 Ke7 35. Bb3 Bf3 36. Kg1 Kf6 37. Kf1 g5 38. Ke1 g4 39. Kd2 Bc6 40.
Kc3 Bd7 41. Kd4 Be6 42. Bd5 Ke7 43. Ke5 Bxd5 44. Kxd5 Kf6 45. Kd6 Kf7 46. Ke5
Kg6 47. a3 1-0

[Event "Laval op U1800"]
[Site "Laval CAN"]
[Date "2018.06.23"]
[Round "3.1"]
[White "Yu, Daniel-Tianqi"]
[Black "Demers, Alexis"]
[Result "1-0"]
[WhiteElo "1560"]
[BlackElo "1726"]
[PlyCount "84"]
[EventDate "2018.06.22"]
[EventType "swiss"]
[EventRounds "5"]
[EventCountry "CAN"]

1. e3 Nf6 2. b3 g6 3. Bb2 Bg7 4. Nf3 O-O 5. c4 d6 6. d4 c5 7. Bd3 Nbd7 8. Qc2
Re8 9. Nbd2 e5 10. O-O-O b6 11. Ne4 Qc7 12. Nxd6 Qxd6 13. dxe5 Qe7 14. exf6
Nxf6 15. e4 Bb7 16. Be5 Rad8 17. Rhe1 Bh6+ 18. Kb1 Rxd3 19. Qxd3 Bxe4 20. Rxe4
Nxe4 21. Qxe4 f6 22. Qd5+ Kh8 23. Bb2 Bg7 24. Re1 Qf8 25. Rxe8 Qxe8 26. Qb7 Qd8
27. a3 h6 28. Qf7 Kh7 29. Nh4 Qd3+ 30. Ka2 g5 31. Nf3 a5 32. Qd5 Qe2 33. Nd2
Qxf2 34. Ne4 Qf4 35. Qe6 Kg6 36. g4 Qc7 37. Nxf6 Bxf6 38. Qxf6+ Kh7 39. Qe5 Qb7
40. Qf5+ Kg8 41. Qg6+ Kf8 42. Qxh6+ Kg8 1-0

[Event "Laval op U1800"]
[Site "Laval CAN"]
[Date "2018.06.24"]
[Round "4.1"]
[White "Neshev, Nikolay"]
[Black "Yu, Daniel-Tianqi"]
[Result "1/2-1/2"]
[WhiteElo "1645"]
[BlackElo "1560"]
[PlyCount "70"]
[EventDate "2018.06.22"]
[EventType "swiss"]
[EventRounds "5"]
[EventCountry "CAN"]

1. d4 d5 2. Bf4 Nf6 3. e3 Bf5 4. c3 e6 5. Nf3 Nbd7 6. Bb5 c6 7. Be2 Be7 8. Nbd2
O-O 9. Nh4 Bg6 10. Nxg6 fxg6 11. Nf3 Nh5 12. Be5 Nhf6 13. Ng5 Nxe5 14. dxe5 Ng4
15. Nxe6 Nxf2 16. Qc2 Qb6 17. Rf1 Qxe3 18. Nxf8 Rxf8 19. Qd2 Qxd2+ 20. Kxd2
Bg5+ 21. Kc2 Ne4 22. Bg4 Re8 23. e6 Bf6 24. Rae1 h5 25. Bh3 Ng5 26. Re3 Nxh3
27. Rxh3 Rxe6 28. Kd3 d4 29. cxd4 Rd6 30. Rf4 c5 31. Kc4 cxd4 32. Rd3 Rc6+ 33.
Kb3 Rb6+ 34. Kc2 Rc6+ 35. Kb3 Rb6+ 1/2-1/2

[Event "Laval op U1800"]
[Site "Laval CAN"]
[Date "2018.06.24"]
[Round "5.1"]
[White "Zhang, Chu Hang"]
[Black "Neshev, Nikolay"]
[Result "0-1"]
[WhiteElo "1557"]
[BlackElo "1645"]
[PlyCount "78"]
[EventDate "2018.06.22"]
[EventType "swiss"]
[EventRounds "5"]
[EventCountry "CAN"]

1. e4 d6 2. d4 Nf6 3. Nc3 Nbd7 4. Nf3 e5 5. Bc4 Be7 6. O-O c6 7. Bb3 Qc7 8. a4
a5 9. Be3 h6 10. Nh4 g6 11. Qf3 exd4 12. Bxd4 Ne5 13. Qe2 g5 14. Nf5 Bxf5 15.
exf5 Nfd7 16. Qh5 d5 17. f4 gxf4 18. f6 Bxf6 19. Rxf4 Bg5 20. Rf5 O-O-O 21. h4
Nf6 22. Qe2 Neg4 23. hxg5 hxg5 24. g3 Qxg3+ 25. Qg2 Qd6 26. Bxf6 Qc5+ 27. Rf2
Nxf2 28. Bxh8 Ng4+ 29. Kf1 Ne3+ 30. Kf2 Nxg2+ 31. Kxg2 Rxh8 32. Ne2 Qe3 33. Ng3
g4 34. Rf1 Rh3 35. Nf5 Qe4+ 36. Kf2 Qxf5+ 37. Ke2 Rh2+ 38. Ke1 Qe4+ 39. Kd1
Qe2+ 0-1

[Event "Ligue elite du dimanche"]
[Site "Montreal CAN"]
[Date "2018.05.26"]
[Round "1"]
[White "Saine, Zachary"]
[Black "Tanaka, Tyler"]
[Result "0-1"]
[WhiteElo "1991"]
[BlackElo "2061"]
[PlyCount "60"]
[EventDate "2018.05.26"]
[EventType "team"]
[EventRounds "3"]
[EventCountry "CAN"]
[WhiteTeam "HAKUNA MATATA"]
[BlackTeam "SHREDDERS"]

1. e4 c5 2. Nf3 Nc6 3. d4 cxd4 4. Nxd4 g6 5. Nc3 Bg7 6. Be3 Nf6 7. f3 O-O 8.
Bc4 d6 9. Qd2 Nxd4 10. Bxd4 Be6 11. Bb3 Qa5 12. O-O-O Rfc8 13. Kb1 b5 14. h4
Bxb3 15. cxb3 b4 16. Ne2 Qb5 17. g4 a5 18. Rc1 Nd7 19. Bxg7 Kxg7 20. h5 Rxc1+
21. Nxc1 g5 22. h6+ Kg8 23. Rh5 f6 24. f4 Qc6 25. Qe1 Rc8 26. Rh1 gxf4 27. Rg1
Ne5 28. g5 Qc2+ 29. Ka1 Nf3 30. gxf6+ Kh8 0-1

[Event "Ligue elite du dimanche"]
[Site "Montreal CAN"]
[Date "2018.05.26"]
[Round "1"]
[White "Zhong, Kevin"]
[Black "Johnson-Constantin, Matthieu"]
[Result "0-1"]
[WhiteElo "2080"]
[BlackElo "2054"]
[PlyCount "64"]
[EventDate "2018.05.26"]
[EventType "team"]
[EventRounds "3"]
[EventCountry "CAN"]
[WhiteTeam "PODY"]
[BlackTeam "WE ARE GROOTS"]

1. e4 e6 2. Nf3 d5 3. Nc3 Nf6 4. e5 Nfd7 5. d4 Bb4 6. a3 Bxc3+ 7. bxc3 c5 8.
Bd3 Qa5 9. Bd2 Qa4 10. O-O Nc6 11. Be3 b6 12. Qd2 Ba6 13. Bxa6 Qxa6 14. Ne1 Qa5
15. Qd3 Rc8 16. f4 Qa4 17. Nf3 Ne7 18. g4 cxd4 19. Bxd4 Nc5 20. Bxc5 Rxc5 21.
Nd4 Nc6 22. Nxc6 Qxc6 23. Rf3 Rc4 24. h3 O-O 25. f5 Rc8 26. fxe6 fxe6 27. Qd2
Rxc3 28. Rff1 Rxc2 29. Qf4 Qc5+ 30. Kh1 Rf8 31. Qg5 d4 32. Rxf8+ Qxf8 0-1

[Event "Ligue elite du dimanche"]
[Site "Montreal CAN"]
[Date "2018.05.27"]
[Round "2"]
[White "Saine, Zachary"]
[Black "Saha, Ananda"]
[Result "1-0"]
[WhiteElo "1991"]
[BlackElo "2188"]
[PlyCount "109"]
[EventDate "2018.05.26"]
[EventType "team"]
[EventRounds "3"]
[EventCountry "CAN"]
[WhiteTeam "HAKUNA MATATA"]
[BlackTeam "iCHESS"]

1. e4 c5 2. Nf3 e6 3. d4 cxd4 4. Nxd4 a6 5. Bd3 Bc5 6. Nb3 Be7 7. O-O Qc7 8.
Qg4 Bf6 9. f4 d6 10. Na3 Nd7 11. c3 b5 12. Nc2 Bb7 13. Be3 e5 14. f5 Nc5 15.
Nxc5 dxc5 16. c4 O-O-O 17. Qe2 b4 18. Bf2 Nh6 19. Ne3 Be7 20. Nd5 Bxd5 21. cxd5
Bd6 22. Bxa6+ Kd7 23. Bb5+ Ke7 24. f6+ gxf6 25. Bh4 Ng8 26. Rxf6 Nxf6 27. Qf3
Rdg8 28. Bxf6+ Kf8 29. Rf1 h5 30. Bxh8 Rxh8 31. Qf6 Rh7 32. Qg6 Rg7 33. Qxh5 c4
34. Qh8+ Rg8 35. Qh6+ Rg7 36. Bxc4 Qc5+ 37. Kh1 Qxc4 38. Qxd6+ Kg8 39. Qd8+ Kh7
40. Qh4+ Kg8 41. Rg1 Rg6 42. b3 Qe2 43. Qe1 Qxa2 44. Qxb4 Kh7 45. Qc3 f6 46.
Qh3+ Rh6 47. Qf5+ Kg7 48. b4 Rg6 49. b5 Rg5 50. Qf3 Qb2 51. Qd3 Kf7 52. d6 Ke8
53. Qd5 Qf2 54. Qe6+ Kf8 55. d7 1-0

[Event "Ligue elite du dimanche"]
[Site "Montreal CAN"]
[Date "2018.05.27"]
[Round "2"]
[White "Zhong, Kevin"]
[Black "Chang, Alexander RZ"]
[Result "1/2-1/2"]
[WhiteElo "2080"]
[BlackElo "1963"]
[PlyCount "71"]
[EventDate "2018.05.26"]
[EventType "team"]
[EventRounds "3"]
[EventCountry "CAN"]
[WhiteTeam "PODY"]
[BlackTeam "GRINDERS"]

1. e4 e5 2. Nf3 Nc6 3. Bc4 Bc5 4. c3 Nf6 5. d3 d6 6. Bb3 O-O 7. Nbd2 Be6 8. h3
Bb6 9. Nf1 Ne7 10. Ng3 Ng6 11. O-O c6 12. d4 exd4 13. cxd4 d5 14. e5 Ne4 15.
Re1 Nxg3 16. fxg3 c5 17. Be3 cxd4 18. Bxd4 Qd7 19. Bxb6 axb6 20. Qd4 Qb5 21.
Rad1 Rfd8 22. Qf2 Rac8 23. Nd4 Qd7 24. Rd2 Rc5 25. g4 Ne7 26. Bc2 g6 27. Qf6
Nc6 28. Ba4 Ra8 29. b3 Qc8 30. Bxc6 bxc6 31. Rf1 Qd7 32. Nf5 Bxf5 33. gxf5 Re8
34. e6 Qe7 35. fxg6 fxg6 36. Qe5 1/2-1/2

[Event "Ligue elite du dimanche"]
[Site "Montreal CAN"]
[Date "2018.05.27"]
[Round "3"]
[White "Chang, Alexander RZ"]
[Black "Saine, Zachary"]
[Result "1/2-1/2"]
[WhiteElo "1963"]
[BlackElo "1991"]
[PlyCount "73"]
[EventDate "2018.05.26"]
[EventType "team"]
[EventRounds "3"]
[EventCountry "CAN"]
[WhiteTeam "GRINDERS"]
[BlackTeam "HAKUNA MATATA"]

1. e4 e5 2. Nf3 Nc6 3. Bc4 Nf6 4. d3 Be7 5. O-O O-O 6. Re1 d6 7. a4 h6 8. Nbd2
Nh7 9. Nf1 Bg5 10. Bxg5 Nxg5 11. Ne3 Kh8 12. c3 f5 13. exf5 Bxf5 14. Nxf5 Rxf5
15. Nxg5 Qxg5 16. Re3 Raf8 17. Re2 Ne7 18. Qd2 Qh4 19. Rf1 Rh5 20. h3 d5 21.
Bb3 Rf3 22. Re3 Qg5 23. Bd1 Rxe3 24. Qxe3 Qxe3 25. fxe3 Rf5 26. Bg4 Rf6 27.
Rxf6 gxf6 28. e4 c6 29. Kf2 Kg7 30. Be6 Kg6 31. g4 d4 32. c4 c5 33. b3 h5 34.
Bd5 b6 35. Kg3 Kg5 36. h4+ Kh6 37. gxh5 1/2-1/2

[Event "Ligue elite du dimanche - S9"]
[Site "Montreal CAN"]
[Date "2018.09.23"]
[Round "1"]
[White "Chang, Alexander RZ"]
[Black "Richard, Leo"]
[Result "0-1"]
[WhiteElo "1911"]
[BlackElo "1894"]
[PlyCount "106"]
[EventDate "2018.09.23"]
[EventType "team"]
[EventRounds "5"]
[EventCountry "CAN"]
[WhiteTeam "Shredders"]
[BlackTeam "Chess Homies"]

1. e4 e5 2. Nf3 Nc6 3. Bb5 a6 4. Bxc6 dxc6 5. O-O Bg4 6. h3 Bxf3 7. Qxf3 Bc5 8.
d3 Ne7 9. Nd2 Ng6 10. Nc4 O-O 11. Be3 Be7 12. Qe2 Bf6 13. Rad1 Re8 14. c3 Qe7
15. Na5 Rab8 16. b4 Qe6 17. Qc2 Red8 18. c4 Nf4 19. Bxf4 exf4 20. Qe2 Bc3 21.
a3 c5 22. Rb1 cxb4 23. axb4 c5 24. Rfc1 Bxb4 25. Nb3 Qd6 26. Rd1 Bc3 27. Nc1 b5
28. Qc2 Be5 29. Ne2 b4 30. Qa2 Ra8 31. Qa5 Qc7 32. Qxc7 Bxc7 33. d4 a5 34. dxc5
Rxd1+ 35. Rxd1 a4 36. Ra1 b3 37. Nc3 Be5 38. Rxa4 Rxa4 39. Nxa4 b2 40. Nxb2
Bxb2 41. Kf1 Kf8 42. Ke2 Ke8 43. Kf3 Be5 44. Kg4 Kd7 45. h4 Kc6 46. Kf5 f6 47.
Ke6 Kxc5 48. Kf7 Kxc4 49. f3 f5 50. exf5 Kd3 51. h5 h6 52. Ke6 Bf6 53. Kd5 Ke3
0-1

[Event "Ligue elite du dimanche - S9"]
[Site "Montreal CAN"]
[Date "2018.09.23"]
[Round "1"]
[White "Masse, Hugues"]
[Black "Huang, Qiuyu"]
[Result "1-0"]
[WhiteElo "2268"]
[BlackElo "2250"]
[PlyCount "63"]
[EventDate "2018.09.23"]
[EventType "team"]
[EventRounds "5"]
[EventCountry "CAN"]
[WhiteTeam "FunkyChess"]
[BlackTeam "L33la"]

1. e4 c5 2. Nf3 Nc6 3. d4 cxd4 4. Nxd4 g6 5. c4 Bg7 6. Be3 Nf6 7. Nc3 d6 8. Be2
O-O 9. O-O Bd7 10. f3 Nxd4 11. Bxd4 a5 12. a3 a4 13. c5 e5 14. Be3 dxc5 15.
Bxc5 Re8 16. Qe1 Bc6 17. Rd1 Nd7 18. Be3 Ra5 19. Bc4 Qc7 20. Nd5 Bxd5 21. Bxd5
b6 22. Rf2 Bf8 23. Rfd2 Nc5 24. Qf2 Ra7 25. h4 Rc8 26. h5 Kg7 27. hxg6 fxg6 28.
f4 Bd6 29. f5 Be7 30. g4 h6 31. f6+ Bxf6 32. Bxh6+ 1-0

[Event "Ligue elite du dimanche - S9"]
[Site "Montreal CAN"]
[Date "2018.09.23"]
[Round "1"]
[White "Morin-Pare, Victor"]
[Black "Morin, Louis"]
[Result "1-0"]
[WhiteElo "1878"]
[BlackElo "1923"]
[PlyCount "61"]
[EventDate "2018.09.23"]
[EventType "team"]
[EventRounds "5"]
[EventCountry "CAN"]
[WhiteTeam "Chess Homies"]
[BlackTeam "Shredders"]

1. Nf3 d5 2. d4 Nf6 3. Bf4 e6 4. e3 Bd6 5. Bg3 O-O 6. Nbd2 b6 7. Bd3 Bb7 8. c3
Nbd7 9. Qc2 Qe7 10. Ne5 Rfc8 11. O-O c5 12. Ndf3 Bxe5 13. Nxe5 cxd4 14. exd4
Nf8 15. Bh4 Ng6 16. Bg5 Qe8 17. Bxf6 gxf6 18. Ng4 Qd8 19. Rae1 f5 20. Bxf5 exf5
21. Qxf5 Kg7 22. Re3 Rc7 23. Rh3 Bc8 24. Qh5 Bxg4 25. Qxg4 Qd7 26. Qg5 Rh8 27.
f4 h6 28. Qh5 f5 29. Re1 Qf7 30. Rg3 Kf6 31. Rxg6+ 1-0

[Event "Ligue elite du dimanche - S9"]
[Site "Montreal CAN"]
[Date "2018.09.23"]
[Round "1"]
[White "Omichi, Haruaki"]
[Black "Lafleche, Alain"]
[Result "1-0"]
[WhiteElo "1658"]
[BlackElo "1620"]
[PlyCount "89"]
[EventDate "2018.09.23"]
[EventType "team"]
[EventRounds "5"]
[EventCountry "CAN"]
[WhiteTeam "FunkyChess"]
[BlackTeam "L33la"]

1. e4 e5 2. Nf3 Nc6 3. Nc3 Nf6 4. d4 exd4 5. Nxd4 Bb4 6. Nxc6 bxc6 7. Bd3 d5 8.
exd5 cxd5 9. O-O O-O 10. Bg5 c6 11. Qf3 Be7 12. Rfe1 Be6 13. Ne2 Rb8 14. Rab1
h6 15. Bf4 Bd6 16. Nd4 Bg4 17. Qg3 Bxf4 18. Qxf4 Bd7 19. Nf5 Bxf5 20. Qxf5 Qa5
21. b3 Qc3 22. Re3 Rfe8 23. Rg3 Re1+ 24. Rxe1 Qxe1+ 25. Bf1 Qe6 26. Qf4 Re8 27.
Qxh6 g6 28. Rh3 Nh5 29. Re3 Qd7 30. Be2 Rxe3 31. Qxe3 Ng7 32. h3 d4 33. Qf3 Qe8
34. Kf1 Nf5 35. Bd3 Nd6 36. a4 f5 37. Qg3 Qe6 38. h4 Ne4 39. Qb8+ Kh7 40. Qxa7+
Kh6 41. Qxd4 Nd2+ 42. Kg1 Qe1+ 43. Kh2 Kh5 44. Qf4 Qe7 45. Be2+ 1-0

[Event "Ligue elite du dimanche - S9"]
[Site "Montreal CAN"]
[Date "2018.09.23"]
[Round "1"]
[White "Soudre, Nicolas"]
[Black "Beaulieu, Eric"]
[Result "1/2-1/2"]
[WhiteElo "2207"]
[BlackElo "2255"]
[PlyCount "142"]
[EventDate "2018.09.23"]
[EventType "team"]
[EventRounds "5"]
[EventCountry "CAN"]
[WhiteTeam "Alpha Ã‰douards"]
[BlackTeam "KingKongFou"]

1. e4 c5 2. Nc3 a6 3. g3 b5 4. Bg2 Bb7 5. Nge2 e6 6. O-O Nf6 7. d3 d5 8. exd5
Nxd5 9. Nxd5 Bxd5 10. Nc3 Bxg2 11. Kxg2 Nc6 12. Be3 Be7 13. Rb1 O-O 14. b3 Qd7
15. Qd2 Rfd8 16. Rbd1 Qb7 17. f3 c4 18. bxc4 bxc4 19. Rb1 Qd7 20. Na4 Rab8 21.
Nb6 Qc7 22. Nxc4 Rxb1 23. Rxb1 Rb8 24. Rb3 Rb5 25. Qe1 Nb4 26. Qb1 Qc6 27. a3
Nd5 28. Bf2 Nc3 29. Qe1 Nd5 30. a4 Rxb3 31. cxb3 Bb4 32. Qe4 Bc3 33. Ne3 Ne7
34. Qxc6 Nxc6 35. Nc2 Ne5 36. d4 Nd3 37. Kf1 a5 38. Be3 Bb2 39. Ke2 Nc1+ 40.
Bxc1 Bxc1 41. Kd3 Kf8 42. Kc4 Ke7 43. Kb5 Bd2 44. Na3 Kd7 45. Nc4 Bc3 46. Nxa5
Bxd4 47. Nc6 Bg1 48. h3 f5 49. a5 Kc7 50. b4 h5 51. a6 g5 52. a7 Kb7 53. Nd8+
Kxa7 54. Nxe6 g4 55. fxg4 fxg4 56. hxg4 hxg4 57. Ng7 Kb7 58. Nf5 Bf2 59. Kc4
Kb6 60. b5 Be1 61. Nh6 Bxg3 62. Nxg4 Bh4 63. Ne3 Bf2 64. Nd5+ Kb7 65. Nc3 Bg1
66. Ne4 Kb6 67. Kb4 Be3 68. Nf6 Bg1 69. Nd5+ Kb7 70. Kc4 Bf2 71. Nc3 Bg1
1/2-1/2